00531 2200181 4500245006100000020002200061250001100083100001600094700001400110650001700124005001900141260004000160041001400200084000800214300002700222500009100249336000900340 aLost b : Pencarian di Bulan AgustuscRizal AffifhText a978-602-375-209-6 aCet. 1 aRizal Affif aNiaJaniar aNovel Remaja a20231005113420 aJakartabGramedia Widiasaranac2015 aIndonesia a813 aiv, 132 hlm. :c19 cm. a30 agustus diperingati sebagai hari internasional orang-orang yang di hilangkan paksa. atext